000 00534nam a22001937a 4500
003 OSt
005 20160422175929.0
008 160422b xxu||||| |||| 00| 0 eng d
020 _a0006862985.
040 _cDDC.
082 _a303.4KEN 1993.
100 _aKenedd Paul;
_98205
245 _aPreparing for the twenty-First Century;
260 _aLondon.
_bFantana Press.
_c1993.
300 _axvi,428p;
_bill;
_c20cm.
504 _aincludes Notes,Bibliography and Index.
650 _aTwenty-First Century.
_98206
942 _2ddc
_cSLOAN
999 _c3708
_d3708